Role of government in controlling air pollution (Record no. 506197)

000 -LEADER
fixed length control field 00478nam a2200157Ia 4500
008 - FIXED-LENGTH DATA ELEMENTS--GENERAL INFORMATION
fixed length control field 181130s2018 xx 000 0 und d
100 ## - MAIN ENTRY--PERSONAL NAME
Personal name Pramanik, Suvamoy
245 ## - TITLE STATEMENT
Title Role of government in controlling air pollution
Remainder of title a case study of NCR of Delhi
260 ## - PUBLICATION, DISTRIBUTION, ETC.
Date of publication, distribution, etc. 2018
300 ## - PHYSICAL DESCRIPTION
Extent p.84-89.
504 ## - BIBLIOGRAPHY, ETC. NOTE
-- Jan-Jun
650 ## - SUBJECT ADDED ENTRY--TOPICAL TERM
Topical term or geographic name entry element Air pollution
650 ## - SUBJECT ADDED ENTRY--TOPICAL TERM
Topical term or geographic name entry element Air pollution - India - Delhi
773 ## - HOST ITEM ENTRY
Main entry heading South Asian Journal of Socio-Political Studies
906 ## - LOCAL DATA ELEMENT F, LDF (RLIN)
a Air pollution
Holdings
Withdrawn status Lost status Damaged status Not for loan Permanent Location Current Location Date acquired Serial Enumeration / chronology Barcode Date last seen Price effective from Koha item type
        Indian Institute of Public Administration Indian Institute of Public Administration 2018-12-07 18(2), Jan-Jun, 2018: p.84-89. AR117992 2018-12-07 2018-12-07 Articles

Powered by Koha